000
00273nam a22001097a 4500
008
160512b xxu||||| |||| 00| 0 eng d
020
_a
9789995663698
041
_a
eng
080
_a
612.39
245
_a
Bioteknologjia e produkteve ushqimore:
_c
Kristaq Sini;
942
_2
udc
_c
BK
999
_c
2099
_d
2099